00414cam a2200169ua 4500001000500000005001700005008003900022040000900061082001300070100002300083245003900106250000900145260003600154300001700190653001900207653001800226333420260515113650.0111017n ii |||gr||||Z||||||asm cMAIN a891.4513 aChoudhuri, Medini,11aBipanna somaycby Medini Choudhuri a1st. aNalbari:bJournal Emporium,996. a263p:c23cm. aAssamese novel aBipanna somay